01147nam a22002297a 450000500170000000800410001702000150005804000070007304100120008008200230009210000290011524500550014426000330019930000340023252004390026665000370070565000370074265000430077965000510082270000200087370000240089320220518145526.0220518b ||||| |||| 00| 0 eng d a0380704374 cAL aEnglish 223a306.0973bNAIM aJohn Naisbitt and others aMegatrends 2000: Ten New Directions for the 1990's aNew York b Avon Booksc1990 axvi,416 p.bPBc17.5x10.5 cm. aAn invaluable guide to a rapidly changing world Nearly two decades have passed since thepublication of the groundbreaking national bestsellerMegatrends--and a remarkable number of itscontroversial prophecies have come to pass. Nowthe forecasters who accurately predicted the shape ofthe '80s turn their sights on the coming new century.And what they see will astound, excite, and profoundlytouch the lives of each and every one of us. aSocial indicators--United States aSocial prediction--United States aUnited States--Social conditions--1980 a United States--Economic conditions--1981-2001 aNAISBITT (John) aABURDENE (Patricia)